[Event "Malaga City-ch"]
[Site "Malaga"]
[Date "2003.02.01"]
[Round "7.5"]
[White "Cabrera Peinado, Miguel Angel"]
[Black "Diez Gonzalez, Pedro Maria"]
[Result "1/2-1/2"]
[WhiteElo "2109"]
[BlackElo "2300"]
[PlyCount "68"]
[EventDate "2003.01.11"]
[EventType "swiss"]
[EventRounds "8"]
[EventCountry "ESP"]
[SourceTitle "CBM 092 Extra"]
[Source "ChessBase"]
[SourceDate "2003.03.07"]
[SourceVersion "1"]
[SourceVersionDate "2003.03.07"]
[SourceQuality "1"]

1. d4 e6 2. Nf3 c5 3. e3 Nf6 4. Bd3 b6 5. b3 cxd4 6. exd4 Bb7 7. 0-0 Be7 8. Ba3 0-0 9. c4 d5 10. Bxe7 Qxe7 11. Ne5 dxc4 12. bxc4 Nc6 13. Nxc6 Bxc6 14. Nc3 Qb7 15. f3 Rfd8 16. Qd2 Rd7 17. Rfd1 Rad8 18. Qf2 g6 19. Bf1 Qb8 20. a4 Ba8 21. Qe3 Ne8 22. Rd2 Nd6 23. Ne4 Bxe4 24. fxe4 e5 25. dxe5 Nxc4 26. Bxc4 Rxd2 27. Rf1 Qxe5 28. Rxf7 Rd1+ 29. Kf2 R1d2+ 30. Kg1 Kh8 31. Qh3 Qd4+ 32. Kh1 Rd1+ 33. Bf1 Rxf1+ 34. Rxf1 Qg7 1/2-1/2

[Event "ESP-ch op"]
[Site "Ayamonte"]
[Date "2002.10.05"]
[Round "2"]
[White "Diez Gonzalez, Pedro Maria"]
[Black "Moreno Carnero, Javier"]
[Result "1/2-1/2"]
[WhiteElo "2278"]
[BlackElo "2503"]
[PlyCount "133"]
[EventDate "2002.10.04"]
[EventType "swiss"]
[EventRounds "9"]
[EventCountry "ESP"]
[SourceTitle "EXT 2005"]
[Source "ChessBase"]
[SourceDate "2004.11.15"]
[SourceVersion "1"]
[SourceVersionDate "2004.11.15"]
[SourceQuality "1"]

1. c4 Nf6 2. g3 g6 3. Bg2 Bg7 4. Nc3 0-0 5. d3 c6 6. e4 d6 7. Nge2 a6 8. 0-0 b5 9. cxb5 axb5 10. b4 e5 11. h3 Nbd7 12. Be3 Nb6 13. a4 Nxa4 14. Nxa4 bxa4 15. Rxa4 Rb8 16. d4 exd4 17. Bxd4 Be6 18. Qd2 c5 19. Bc3 Qd7 20. Rfa1 Bxh3 21. Ra7 Qc8 22. Bh1 cxb4 23. Bxb4 Qc4 24. Bxd6 Nxe4 25. Bxe4 Qxe4 26. Nf4 Bxa1 27. Bxb8 Bd4 28. Bd6 Bxa7 29. Bxf8 Kxf8 30. Nxh3 Qf3 31. Qd6+ Kg8 32. Qf4 Qxf4 33. Nxf4 f5 34. Kg2 Kf7 35. f3 g5 36. Nd3 Ke6 37. g4 f4 38. Kf1 Kd5 39. Ke2 Bc5 40. Nc1 Bb6 41. Kd3 Bd4 42. Ne2 Bb2 43. Ng1 h6 44. Ne2 Kc5 45. Ke4 Kc4 46. Nxf4 gxf4 47. Kxf4 Kd3 48. Kg3 Bc1 49. f4 Ke4 50. f5 Bg5 51. Kg2 Bf6 52. Kg3 Ke3 53. Kg2 Ke2 54. Kg3 Kf1 55. Kh3 Kf2 56. Kh2 Be5+ 57. Kh3 Bf6 58. Kh2 Kf3 59. Kh3 Bd8 60. Kh2 Bc7+ 61. Kh3 Bg3 62. f6 Be1 63. f7 Bb4 64. Kh4 Kf4 65. Kh5 Bf8 66. Kh4 Ke5 67. g5 1/2-1/2